Hele na Slovensku nie je
Vznik nákupnej aliancie Hele v Čechách. Trendy v obchode.
Guardado en:
| Formato: | Capítulo de libro |
|---|---|
| Lenguaje: | eslovaco |
| Materias: | |
| Etiquetas: |
Sin Etiquetas, Sea el primero en etiquetar este registro!
|
MARC
| LEADER | 00000naa$a2200000$$$4500 | ||
|---|---|---|---|
| 001 | 0006713 | ||
| 005 | 20231107125139.2 | ||
| 041 | 0 | |a slo | |
| 044 | |a SK | ||
| 245 | 1 | 0 | |a Hele na Slovensku nie je |
| 520 | |a Vznik nákupnej aliancie Hele v Čechách. Trendy v obchode. | ||
| 610 | 2 | 0 | |a siete obchodné |
| 610 | 2 | 0 | |a elektronika spotrebná |
| 610 | 2 | 0 | |a Česko |